000 00401nam a22001577a 4500
003 OSt
005 20211105145726.0
008 211105b |||||||| |||| 00| 0 eng d
040 _cHawassa University
050 _a641.1/BEN
_b1
082 _a641.1/BEN
_b1
100 _aBender,Arnold E.
_917101
245 _aNutriton and Dietetic Foods
260 _bLeonard Hill Books
_c1973
942 _2ddc
_cBOOKS
_n0
999 _c16959
_d16959